[Event "Bethune Op 32th"]
[Site "Bethune"]
[Date "2011.12.27"]
[Round "3.2"]
[White "Priebe, Jan"]
[Black "Roger, Mehdi"]
[Result "1-0"]
[WhiteElo "2275"]
[BlackElo "2099"]
[PlyCount "105"]
[EventDate "2011.12.26"]
[EventType "swiss"]
[EventRounds "9"]
[EventCountry "FRA"]
[SourceDate "2005.09.12"]

1. e4 c5 2. Nf3 d6 3. d4 cxd4 4. Nxd4 Nf6 5. Nc3 g6 6. Be3 Bg7 7. f3 O-O 8. Bc4
Nc6 9. Qd2 Bd7 10. O-O-O Rc8 11. Bb3 Ne5 12. Kb1 Re8 13. g4 Nc4 14. Bxc4 Rxc4
15. Nb3 Be6 16. h4 Qb8 17. h5 Rec8 18. hxg6 fxg6 19. Bd4 Bf7 20. Qh2 e5 21. Be3
b5 22. Bg5 b4 23. Bxf6 Bxf6 24. Qxh7+ Kf8 25. Nd5 Bg7 26. Rh2 Qb5 27. Qh4 Qd7
28. Nf6 Qe6 29. g5 a5 30. Nd5 a4 31. Nc1 Rd4 32. Rxd4 exd4 33. Nd3 b3 34. axb3
axb3 35. cxb3 Qe8 36. Qf4 Rd8 37. Rc2 Qb5 38. N5b4 Kg8 39. Rc7 Rf8 40. Qxd6
Qxg5 41. f4 Qg1+ 42. Rc1 Qe3 43. e5 Bxb3 44. Qxg6 Bf7 45. Qg4 Ra8 46. Rg1 Ba2+
47. Kc2 Ra7 48. Nxa2 Rc7+ 49. Nc3 dxc3 50. bxc3 Qa7 51. Qe6+ Kf8 52. Rg5 Qa4+
53. Kd2 1-0

[Event "Bethune Op 32th"]
[Site "Bethune"]
[Date "2011.12.27"]
[Round "3.3"]
[White "Rouze, Xavier"]
[Black "Noiroux, Kevin"]
[Result "1-0"]
[WhiteElo "2069"]
[BlackElo "2190"]
[PlyCount "119"]
[EventDate "2011.12.26"]
[EventType "swiss"]
[EventRounds "9"]
[EventCountry "FRA"]
[SourceDate "2005.09.12"]

1. c4 g6 2. g3 Bg7 3. Bg2 c5 4. Nc3 Nc6 5. d3 b6 6. e4 Bb7 7. Nge2 d6 8. O-O e6
9. f4 Nge7 10. f5 gxf5 11. Bg5 h6 12. Bh4 Nd4 13. Nf4 Qc7 14. Nh5 Rg8 15. Nxg7+
Rxg7 16. Bf6 Rg6 17. Bxd4 cxd4 18. Nb5 Qc6 19. Bf3 fxe4 20. Bxe4 d5 21. Bxg6
Nxg6 22. Nxd4 Qc5 23. Qg4 e5 24. Rae1 Kf8 25. Qxg6 Qxd4+ 26. Kg2 dxc4+ 27. Kh3
Bc8+ 28. g4 Qxd3+ 29. Qxd3 cxd3 30. Rxe5 Ba6 31. Ref5 Bc4 32. b3 Be6 33. Re5
Kg7 34. Kg3 Rc8 35. Rd1 Rc2 36. Rxd3 Rxa2 37. h4 Ra3 38. Ree3 a5 39. Kf4 b5 40.
g5 h5 41. Rd6 b4 42. Rexe6 fxe6 43. Rxe6 Rxb3 44. Re7+ Kg6 45. Re6+ Kf7 46. Ra6
Ra3 47. g6+ Kg7 48. Kg5 Rg3+ 49. Kxh5 b3 50. Rxa5 b2 51. Ra7+ Kf6 52. Rf7+ Ke6
53. Rb7 Rg2 54. Kh6 Kf6 55. Rb6+ Ke7 56. h5 Rh2 57. g7 Rg2 58. Kh7 Kf7 59. Rb7+
Kf6 60. g8=Q 1-0

[Event "Bethune Op 32th"]
[Site "Bethune"]
[Date "2011.12.27"]
[Round "3.4"]
[White "Thejkumar, MS."]
[Black "Naudion, Gregoire"]
[Result "1-0"]
[WhiteElo "2452"]
[BlackElo "2129"]
[PlyCount "57"]
[EventDate "2011.12.26"]
[EventType "swiss"]
[EventRounds "9"]
[EventCountry "FRA"]
[SourceDate "2005.09.12"]

1. d4 g6 2. c4 Bg7 3. Nf3 Nf6 4. Nc3 O-O 5. e4 d6 6. Be2 e5 7. O-O Nbd7 8. Be3
Ng4 9. Bg5 f6 10. Bc1 Nh6 11. Rb1 exd4 12. Nxd4 Nc5 13. Be3 Ne6 14. Qd2 Nxd4
15. Bxd4 Ng4 16. Rbd1 Be6 17. Qc2 Qe7 18. h3 Ne5 19. Nd5 Qf7 20. f4 Nc6 21. Bc3
f5 22. Bf3 Rac8 23. Rfe1 Nb8 24. Bxg7 Qxg7 25. e5 c6 26. Nf6+ Rxf6 27. exf6
Qxf6 28. Rxd6 Qf7 29. Qd2 1-0

[Event "Bethune Op 32th"]
[Site "Bethune"]
[Date "2011.12.27"]
[Round "4.1"]
[White "Solleveld, Maarten"]
[Black "Priebe, Jan"]
[Result "1/2-1/2"]
[WhiteElo "2502"]
[BlackElo "2275"]
[PlyCount "91"]
[EventDate "2011.12.26"]
[EventType "swiss"]
[EventRounds "9"]
[EventCountry "FRA"]
[SourceDate "2005.09.12"]

1. c4 Nf6 2. Nc3 g6 3. e4 d6 4. d4 Bg7 5. Bd3 O-O 6. Nge2 Nc6 7. O-O e5 8. d5
Nd4 9. Bg5 h6 10. Bh4 Nxe2+ 11. Bxe2 Qd7 12. Qd2 Nh7 13. Kh1 f5 14. exf5 Qxf5
15. f3 Qf7 16. Ne4 Qf4 17. Qe1 Qf7 18. Bd3 Bf6 19. Bf2 Bf5 20. c5 Bxe4 21. Qxe4
Kg7 22. cxd6 cxd6 23. Qb4 Qe7 24. Rac1 Bg5 25. Rc4 h5 26. Qc3 Rf7 27. Qc2 Qf6
28. Rc7 a6 29. Bb6 Raf8 30. g3 Rxc7 31. Qxc7+ Rf7 32. Qc2 h4 33. Qc4 hxg3 34.
hxg3 Bh6 35. f4 Kg8 36. Qe4 exf4 37. Bd4 Qg5 38. Qxg6+ Qxg6 39. Bxg6 Rf8 40.
Kg2 Nf6 41. Bf5 fxg3 42. Rf3 Nh5 43. Be6+ Kh7 44. Bf5+ Kg8 45. Be6+ Kh7 46.
Bf5+ 1/2-1/2

[Event "Bethune Op 32th"]
[Site "Bethune"]
[Date "2011.12.27"]
[Round "4.2"]
[White "Donchenko, Alexander"]
[Black "Rouze, Xavier"]
[Result "1-0"]
[WhiteElo "2310"]
[BlackElo "2069"]
[PlyCount "113"]
[EventDate "2011.12.26"]
[EventType "swiss"]
[EventRounds "9"]
[EventCountry "FRA"]
[SourceDate "2005.09.12"]

1. d4 Nf6 2. Nf3 d5 3. c4 c6 4. e3 e6 5. b3 Be7 6. Bb2 O-O 7. Bd3 b6 8. O-O Bb7
9. Nc3 c5 10. cxd5 cxd4 11. Nxd4 Nxd5 12. Nxd5 Bxd5 13. Rc1 Nd7 14. Bb1 Nc5 15.
b4 Ne4 16. f3 Nf6 17. e4 Bb7 18. a3 Rc8 19. Qa4 Rxc1 20. Rxc1 a6 21. Nc6 Bxc6
22. Qxc6 Qd2 23. Qc2 Qxc2 24. Rxc2 Rd8 25. Kf2 Ne8 26. Ke2 Nd6 27. Rc7 Bf8 28.
Bd3 a5 29. Rc6 axb4 30. axb4 b5 31. g4 g6 32. Bc3 Ra8 33. e5 Nc8 34. Be4 Rb8
35. f4 Nb6 36. Be1 Nc4 37. Rc7 Rd8 38. Bc3 Nb6 39. Rb7 Nd5 40. Bxd5 Rxd5 41.
Rb8 Kg7 42. f5 gxf5 43. gxf5 Bxb4 44. f6+ Kg6 45. Rg8+ Kf5 46. Bxb4 Rxe5+ 47.
Kf3 Rd5 48. Be7 e5 49. Rg7 Ke6 50. Rxh7 Rd4 51. Rh8 b4 52. Rb8 Rd3+ 53. Kg4
Rd4+ 54. Kg5 Rd2 55. Rb6+ Kd7 56. Bxb4 Rxh2 57. Rb7+ 1-0

[Event "Bethune Op 32th"]
[Site "Bethune"]
[Date "2011.12.27"]
[Round "4.3"]
[White "Simon, Olivier"]
[Black "Thejkumar, MS."]
[Result "0-1"]
[WhiteElo "2324"]
[BlackElo "2452"]
[PlyCount "76"]
[EventDate "2011.12.26"]
[EventType "swiss"]
[EventRounds "9"]
[EventCountry "FRA"]
[SourceDate "2005.09.12"]

1. e4 c6 2. d4 d5 3. e5 Bf5 4. Nf3 e6 5. Be2 Nd7 6. O-O Ne7 7. Nbd2 Nc8 8. Nb3
Be7 9. a4 O-O 10. a5 a6 11. c4 dxc4 12. Bxc4 Be4 13. Qe2 Bd5 14. Bxd5 cxd5 15.
Bd2 Na7 16. Rfc1 Rc8 17. Rxc8 Qxc8 18. Rc1 Qb8 19. Bg5 Bxg5 20. Nxg5 h6 21. Nf3
Rc8 22. Qf1 Rc7 23. Nfd2 Nb5 24. f4 Qc8 25. Re1 Rc2 26. Qd3 Rxb2 27. Rc1 Qd8
28. Nf3 Nf8 29. Kh1 Ng6 30. g3 Ne7 31. Nh4 g6 32. Ng2 h5 33. Nh4 Kg7 34. h3 b6
35. Rg1 bxa5 36. g4 hxg4 37. hxg4 Qh8 38. Qg3 a4 0-1

[Event "Bethune Op 32th"]
[Site "Bethune"]
[Date "2011.12.28"]
[Round "5.1"]
[White "Thejkumar, MS."]
[Black "Solleveld, Maarten"]
[Result "1/2-1/2"]
[WhiteElo "2452"]
[BlackElo "2502"]
[PlyCount "101"]
[EventDate "2011.12.26"]
[EventType "swiss"]
[EventRounds "9"]
[EventCountry "FRA"]
[SourceDate "2005.09.12"]

1. d4 Nf6 2. Nf3 g6 3. c4 Bg7 4. Nc3 O-O 5. e4 d6 6. Be2 e5 7. O-O Nc6 8. d5
Ne7 9. a4 a5 10. Ne1 Nd7 11. Nd3 f5 12. f3 b6 13. Bd2 Nc5 14. Ra3 Bd7 15. Nf2
Kh8 16. exf5 Nxf5 17. Nfe4 Bh6 18. Bxh6 Nxh6 19. Qd2 Nf5 20. Nxc5 dxc5 21. Re1
Qh4 22. Ne4 Rae8 23. Bd1 Nd6 24. Rc3 Qf4 25. Qe2 Nf5 26. b3 Kg7 27. g3 Qh6 28.
Qd2 Qxd2 29. Nxd2 g5 30. Ne4 h6 31. Nf2 Re7 32. Kg2 Rfe8 33. Bc2 Nd4 34. Be4
Rf7 35. g4 Kf6 36. Rce3 Rfe7 37. Rh1 Rh8 38. h4 h5 39. hxg5+ Kxg5 40. Rh3 Ree8
41. Rg3 hxg4 42. fxg4 Rh4 43. Bb1 Kf6 44. Rh3 Rxh3 45. Rxh3 Rg8 46. Rh6+ Kf7
47. Kg3 Ne2+ 48. Kf3 Nd4+ 49. Kg3 Ne2+ 50. Kh4 Nd4 51. Kg3 1/2-1/2

[Event "Bethune Op 32th"]
[Site "Bethune"]
[Date "2011.12.28"]
[Round "5.3"]
[White "Burg, Brent"]
[Black "Donchenko, Alexander"]
[Result "1/2-1/2"]
[WhiteElo "2192"]
[BlackElo "2310"]
[PlyCount "70"]
[EventDate "2011.12.26"]
[EventType "swiss"]
[EventRounds "9"]
[EventCountry "FRA"]
[SourceDate "2005.09.12"]

1. e4 d6 2. d4 Nf6 3. Nc3 g6 4. f3 c6 5. Be3 b5 6. Qd2 Nbd7 7. g4 Nb6 8. h4 h6
9. Bd3 Rb8 10. O-O-O Nc4 11. Bxc4 bxc4 12. Nge2 Qa5 13. Kb1 Qb4 14. b3 Bg7 15.
e5 Nd5 16. Nxd5 Qxd2 17. Rxd2 cxd5 18. exd6 e6 19. Bf4 Kd7 20. h5 g5 21. Bh2
Ba6 22. Nc3 Bf8 23. Na4 Bxd6 24. Nc5+ Bxc5 25. Bxb8 Bb4 26. Be5 f6 27. Bxf6 Rf8
28. c3 Bxc3 29. Rc2 Bb4 30. Bg7 Rxf3 31. bxc4 dxc4 32. Bxh6 c3 33. Rd1 Bb7 34.
d5 Bxd5 35. Bxg5 Ke8 1/2-1/2

[Event "Bethune Op 32th"]
[Site "Bethune"]
[Date "2011.12.28"]
[Round "5.4"]
[White "Friess, Nicolas"]
[Black "Sarrau, Jelle"]
[Result "1-0"]
[WhiteElo "2310"]
[BlackElo "2232"]
[PlyCount "77"]
[EventDate "2011.12.26"]
[EventType "swiss"]
[EventRounds "9"]
[EventCountry "FRA"]
[SourceDate "2005.09.12"]

1. d4 d6 2. c4 e5 3. e3 Nc6 4. Nc3 g6 5. Nf3 Bg7 6. Be2 Nh6 7. O-O O-O 8. dxe5
dxe5 9. Qb3 Rb8 10. Rd1 Bd7 11. e4 Kh8 12. Nd5 Bg4 13. Nb4 Qe7 14. Nxc6 bxc6
15. Qc3 f5 16. Bg5 Qe6 17. Be3 Nf7 18. h3 Bh5 19. Kh1 fxe4 20. Ng1 Bxe2 21.
Nxe2 Nd6 22. Bxa7 Rf3 23. Qc2 Ra8 24. Be3 Nxc4 25. Qxe4 Rf7 26. b3 Nb6 27. f3
Nd5 28. Re1 Nf6 29. Qc2 Nh5 30. Rac1 h6 31. a4 Kh7 32. b4 e4 33. fxe4 Nf6 34.
Nd4 Qe5 35. Nxc6 Qh5 36. Qb3 g5 37. Ne5 Rff8 38. Nd7 Rf7 39. Nxf6+ 1-0

[Event "Bethune Op 32th"]
[Site "Bethune"]
[Date "2011.12.28"]
[Round "6.1"]
[White "Donchenko, Alexander"]
[Black "Priebe, Jan"]
[Result "1/2-1/2"]
[WhiteElo "2310"]
[BlackElo "2275"]
[PlyCount "58"]
[EventDate "2011.12.26"]
[EventType "swiss"]
[EventRounds "9"]
[EventCountry "FRA"]
[SourceDate "2005.09.12"]

1. d4 Nf6 2. c4 g6 3. Nf3 Bg7 4. Nc3 O-O 5. e4 d6 6. Be2 e5 7. dxe5 dxe5 8.
Qxd8 Rxd8 9. Bg5 Re8 10. O-O-O h6 11. Be3 Ng4 12. Nd5 Nxe3 13. fxe3 Na6 14. c5
c6 15. Bxa6 cxd5 16. Bb5 Rd8 17. Rxd5 Be6 18. Rxd8+ Rxd8 19. a3 Rc8 20. b4 b6
21. c6 Bd7 22. Rd1 Bxc6 23. Bxc6 Rxc6+ 24. Kb2 Bf6 25. Rd7 a6 26. g3 Kf8 27.
Ra7 b5 28. Rd7 Ke8 29. Rd3 Ke7 1/2-1/2

[Event "Bethune Op 32th"]
[Site "Bethune"]
[Date "2011.12.28"]
[Round "6.2"]
[White "Solleveld, Maarten"]
[Black "Friess, Nicolas"]
[Result "1-0"]
[WhiteElo "2502"]
[BlackElo "2311"]
[PlyCount "43"]
[EventDate "2011.12.26"]
[EventType "swiss"]
[EventRounds "9"]
[EventCountry "FRA"]
[SourceDate "2005.09.12"]

1. c4 c6 2. e4 d5 3. exd5 cxd5 4. cxd5 Nf6 5. Nc3 Nxd5 6. Nf3 Nc6 7. Bb5 e6 8.
O-O Be7 9. d4 O-O 10. Re1 Ncb4 11. a3 Nxc3 12. bxc3 Nd5 13. Bd3 Nxc3 14. Qc2
Nd5 15. Bxh7+ Kh8 16. Bd3 Qc7 17. Qd1 g6 18. Bh6 Re8 19. Rc1 Qd6 20. Ne5 Kg8
21. Bxg6 fxg6 22. Qd3 1-0

[Event "Bethune Op 32th"]
[Site "Bethune"]
[Date "2011.12.28"]
[Round "6.3"]
[White "Buchenau, Frank"]
[Black "Thejkumar, MS."]
[Result "1/2-1/2"]
[WhiteElo "2261"]
[BlackElo "2452"]
[PlyCount "74"]
[EventDate "2011.12.26"]
[EventType "swiss"]
[EventRounds "9"]
[EventCountry "FRA"]
[SourceDate "2005.09.12"]

1. e4 c6 2. d4 d5 3. exd5 cxd5 4. Bd3 Nc6 5. c3 Qc7 6. Ne2 Bg4 7. Qb3 Bxe2 8.
Kxe2 e5 9. dxe5 Qxe5+ 10. Be3 Qh5+ 11. Kf1 O-O-O 12. Na3 Nf6 13. Nb5 a6 14.
Na7+ Nxa7 15. Bxa7 Bd6 16. c4 Bb8 17. Bb6 Rd6 18. cxd5 Nxd5 19. Rc1+ Bc7 20.
Bxc7 Nxc7 21. Be4 Qb5+ 22. Qxb5 axb5 23. g3 Re8 24. Bf3 Rd2 25. Kg2 Rxb2 26.
Rhd1 Re7 27. Rc5 Rxa2 28. Bg4+ Kb8 29. h4 b4 30. Rb1 Na6 31. Rb5 Ka7 32. Bf3
Rc7 33. Be4 h6 34. g4 Rd2 35. Kg3 Rd6 36. g5 hxg5 37. hxg5 g6 1/2-1/2

[Event "Bethune Op 32th"]
[Site "Bethune"]
[Date "2011.12.28"]
[Round "6.4"]
[White "Lamard, Guillaume"]
[Black "Moussard, Jules"]
[Result "0-1"]
[WhiteElo "2179"]
[BlackElo "2398"]
[PlyCount "126"]
[EventDate "2011.12.26"]
[EventType "swiss"]
[EventRounds "9"]
[EventCountry "FRA"]
[SourceDate "2005.09.12"]

1. g3 d5 2. d4 Bf5 3. Nf3 e6 4. Bg2 Nf6 5. O-O h6 6. c4 c6 7. Nc3 Be7 8. Qb3
Qb6 9. c5 Qa6 10. Bf4 Nbd7 11. Rfc1 b5 12. cxb6 axb6 13. Ne5 Nxe5 14. dxe5 Nd7
15. e4 Nc5 16. Qc2 Bh7 17. b4 Nd7 18. b5 cxb5 19. Qe2 dxe4 20. Nxe4 O-O 21. Rc7
Ra7 22. Rxa7 Qxa7 23. Qxb5 Nc5 24. Nd6 Nd3 25. Be3 Nxe5 26. Bxb6 Qa3 27. Bc5
Qc3 28. Rd1 Qc2 29. Rf1 Bd3 30. Qa5 Bxf1 31. Bxf1 Nd3 32. Bxd3 Qxd3 33. Qc7
Qd1+ 34. Kg2 Qd5+ 35. Kg1 Bxd6 36. Bxd6 Ra8 37. a3 f6 38. h4 Ra5 39. Qc8+ Kh7
40. Qc2+ Qf5 41. Qxf5+ Rxf5 42. Bc7 Rc5 43. Bb6 Rc4 44. Kf1 e5 45. Ke2 e4 46.
Ke3 Kg6 47. Ba5 Kf5 48. Bb4 Ke5 49. Bf8 Rc3+ 50. Ke2 Rc7 51. Ke3 h5 52. Bb4 g5
53. hxg5 fxg5 54. f3 exf3 55. Kxf3 Rf7+ 56. Kg2 Ke4 57. Bd2 g4 58. Be1 Ra7 59.
Bb4 Rc7 60. Bd6 Rc2+ 61. Kg1 Kf3 62. Kh1 h4 63. gxh4 g3 0-1

[Event "Bethune Op 32th"]
[Site "Bethune"]
[Date "2011.12.29"]
[Round "7.1"]
[White "Burg, Brent"]
[Black "Solleveld, Maarten"]
[Result "0-1"]
[WhiteElo "2192"]
[BlackElo "2502"]
[PlyCount "96"]
[EventDate "2011.12.26"]
[EventType "swiss"]
[EventRounds "9"]
[EventCountry "FRA"]
[SourceDate "2005.09.12"]

1. f4 c5 2. Nf3 g6 3. g3 Bg7 4. Bg2 Nc6 5. O-O d6 6. d3 e5 7. fxe5 dxe5 8. Nc3
Nge7 9. Be3 b6 10. a4 Rb8 11. Nd2 O-O 12. Kh1 h6 13. Nb5 a6 14. Na3 Be6 15.
Nac4 f5 16. c3 Bd5 17. Qe1 Bxg2+ 18. Kxg2 Qd5+ 19. Kg1 Nd8 20. a5 b5 21. Nb6
Qc6 22. Qf2 Ne6 23. Nb3 c4 24. Nc5 Nxc5 25. Bxc5 Bf6 26. dxc4 bxc4 27. Nxc4
Rfc8 28. Nxe5 Bxe5 29. Bxe7 Rxb2 30. Bb4 Qc4 31. Rfe1 Re8 32. Rad1 Bg7 33. Kf1
f4 34. Qc5 Qxc5 35. Bxc5 Bxc3 36. Rb1 Rexe2 37. Rxe2 Rxb1+ 38. Kg2 fxg3 39.
hxg3 Rb2 40. Rxb2 Bxb2 41. Kf3 Kf7 42. Ke4 Ke6 43. g4 Bc3 44. Bb6 Be1 45. Bd8
Kd6 46. Kd4 Kd7 47. g5 h5 48. Bb6 Bd2 0-1

[Event "Bethune Op 32th"]
[Site "Bethune"]
[Date "2011.12.29"]
[Round "7.2"]
[White "Priebe, Jan"]
[Black "Thejkumar, MS."]
[Result "0-1"]
[WhiteElo "2275"]
[BlackElo "2452"]
[PlyCount "72"]
[EventDate "2011.12.26"]
[EventType "swiss"]
[EventRounds "9"]
[EventCountry "FRA"]
[SourceDate "2005.09.12"]

1. e4 c6 2. d4 d5 3. Nd2 dxe4 4. Nxe4 Bf5 5. Ng3 Bg6 6. h4 h6 7. Nf3 Nd7 8. h5
Bh7 9. Bd3 Bxd3 10. Qxd3 e6 11. Bd2 Ngf6 12. O-O-O Be7 13. Qe2 O-O 14. Ne5 Rc8
15. Kb1 c5 16. Nxd7 Qxd7 17. dxc5 Qc6 18. f3 Qxc5 19. Bc3 Nd5 20. Bd4 Qa5 21.
c4 Nb4 22. a3 Nc6 23. Bc3 Qb6 24. Ka2 a5 25. Ne4 Nb4+ 26. Kb1 Na6 27. Rh3 f5
28. Rd7 Rc7 29. Nd6 Nc5 30. Rxc7 Qxc7 31. Nb5 Qb6 32. Rg3 Bf6 33. Bxf6 Rxf6 34.
Qd2 a4 35. Qd4 Kh7 36. Nd6 e5 0-1

[Event "Bethune Op 32th"]
[Site "Bethune"]
[Date "2011.12.29"]
[Round "7.3"]
[White "Moussard, Jules"]
[Black "Donchenko, Alexander"]
[Result "1/2-1/2"]
[WhiteElo "2398"]
[BlackElo "2310"]
[PlyCount "115"]
[EventDate "2011.12.26"]
[EventType "swiss"]
[EventRounds "9"]
[EventCountry "FRA"]
[SourceDate "2005.09.12"]

1. a3 d5 2. Nf3 Nf6 3. c4 dxc4 4. e3 e6 5. Bxc4 c5 6. O-O a6 7. d4 b5 8. Be2
Bb7 9. dxc5 Bxc5 10. Qxd8+ Kxd8 11. b4 Bd6 12. Nbd2 Nbd7 13. Nb3 Ke7 14. Nfd4
Rhc8 15. Na5 Bd5 16. f3 Ra7 17. e4 Ba8 18. Be3 Rac7 19. Rfb1 g6 20. Bf2 Nh5 21.
Bf1 e5 22. Ne2 f5 23. exf5 gxf5 24. Rb3 Kf7 25. Rd1 Be7 26. Ng3 Nxg3 27. Bxg3
f4 28. Bf2 Nf6 29. Re1 e4 30. fxe4 Nxe4 31. Bd4 Rc1 32. Rxc1 Rxc1 33. Rd3 Re1
34. Bb6 Ng5 35. Bf2 Rb1 36. Nb3 Bxg2 37. Kxg2 f3+ 38. Kg3 Rxf1 39. Nd2 Rd1 40.
Be3 Ke6 41. h4 Ne4+ 42. Kxf3 Nxd2+ 43. Bxd2 Bxh4 44. Ke2 Rh1 45. Bf4 Kf5 46.
Bb8 Re1+ 47. Kf3 Re6 48. Rd5+ Kg6 49. Kg4 Bf6 50. Bf4 Bb2 51. Rh5 Re4 52. Rh6+
Kg7 53. Rxa6 Bc1 54. Ra7+ Kg6 55. Ra6+ Kf7 56. Ra7+ Ke6 57. Ra6+ Ke7 58. Ra7+
1/2-1/2

[Event "Bethune Op 32th"]
[Site "Bethune"]
[Date "2011.12.29"]
[Round "8.1"]
[White "Solleveld, Maarten"]
[Black "Moussard, Jules"]
[Result "1-0"]
[WhiteElo "2502"]
[BlackElo "2398"]
[PlyCount "55"]
[EventDate "2011.12.26"]
[EventType "swiss"]
[EventRounds "9"]
[EventCountry "FRA"]
[SourceDate "2005.09.12"]

1. c4 g6 2. d4 Bg7 3. e4 d6 4. Nc3 Nc6 5. d5 Nd4 6. Nge2 c5 7. Nxd4 cxd4 8. Nb5
Qb6 9. c5 dxc5 10. Bf4 Kf8 11. Rc1 Qa5+ 12. b4 cxb4 13. Nc7 Rb8 14. Ne6+ fxe6
15. Bxb8 Bd7 16. Bd3 Nf6 17. O-O exd5 18. e5 Ne8 19. Qf3+ Kg8 20. e6 Bxe6 21.
Rfe1 Qb6 22. Bxa7 Qd6 23. Bc5 Qd7 24. Bb5 Qxb5 25. Rxe6 h6 26. Rxg6 Kh7 27. Qf5
Rf8 28. Rf6+ 1-0

[Event "Bethune Op 32th"]
[Site "Bethune"]
[Date "2011.12.29"]
[Round "8.2"]
[White "Thejkumar, MS."]
[Black "Friess, Nicolas"]
[Result "1/2-1/2"]
[WhiteElo "2452"]
[BlackElo "2311"]
[PlyCount "70"]
[EventDate "2011.12.26"]
[EventType "swiss"]
[EventRounds "9"]
[EventCountry "FRA"]
[SourceDate "2005.09.12"]

1. d4 d5 2. c4 c6 3. Nc3 Nf6 4. e3 a6 5. Nf3 b5 6. c5 g6 7. Bd3 Bg7 8. Qc2 O-O
9. a3 a5 10. O-O Qc7 11. Re1 Bg4 12. Ne5 Be6 13. e4 Nbd7 14. Bf1 Nh5 15. Nxd7
Qxd7 16. Bg5 Bxd4 17. exd5 Bxd5 18. Nxd5 cxd5 19. Bxe7 Rfe8 20. Bd6 Nf6 21. h3
Re6 22. Rxe6 Qxe6 23. Qd2 Be5 24. Bxe5 Qxe5 25. Bxb5 Ne4 26. Qc2 Rc8 27. c6 d4
28. a4 Nc5 29. Rd1 Ne6 30. Qd2 Kg7 31. h4 h6 32. Rc1 Qd5 33. Kf1 g5 34. hxg5
hxg5 35. Qxa5 Kf8 1/2-1/2

[Event "Bethune Op 32th"]
[Site "Bethune"]
[Date "2011.12.29"]
[Round "8.3"]
[White "Donchenko, Alexander"]
[Black "Denayer, Eric"]
[Result "1-0"]
[WhiteElo "2310"]
[BlackElo "2245"]
[PlyCount "121"]
[EventDate "2011.12.26"]
[EventType "swiss"]
[EventRounds "9"]
[EventCountry "FRA"]
[SourceDate "2005.09.12"]

1. d4 d5 2. c4 c6 3. Nf3 Nf6 4. e3 Bf5 5. Nc3 e6 6. Nh4 Bg6 7. Qb3 Qb6 8. Nxg6
hxg6 9. Be2 Nbd7 10. Bd2 Be7 11. h3 Qxb3 12. axb3 O-O 13. O-O a6 14. g4 Rad8
15. Kg2 g5 16. f3 Ne8 17. Rad1 Nd6 18. Be1 b5 19. c5 Nb7 20. Ra1 a5 21. Nxb5
cxb5 22. c6 Nd6 23. cxd7 Rxd7 24. Rxa5 Rb8 25. Bd2 Bd8 26. Ra6 Rb6 27. Ra8 Nb7
28. Rc1 Kh7 29. Bd3+ g6 30. Rcc8 b4 31. Kf2 Bf6 32. Ra4 Be7 33. Ke2 Kg7 34. Be1
Rd8 35. Rc1 Bd6 36. Rca1 Rb8 37. Ra7 Kf8 38. R1a4 Ke8 39. Bd2 Be7 40. Ra1 Nd8
41. Rc1 Bd6 42. Rh1 Nc6 43. Ra4 e5 44. dxe5 Bxe5 45. Ra2 Kf8 46. Rc1 Bd6 47.
Kf2 Kg7 48. Bf1 Rd8 49. Kg2 Re8 50. Raa1 Be5 51. Rc2 Re6 52. Be1 Rb8 53. Ra6
Nd8 54. Ra5 Bf6 55. Bf2 Rc6 56. Rd2 Nb7 57. Raxd5 Nc5 58. Bc4 Na4 59. Bb5 Rxb5
60. Rxb5 Nxb2 61. Rxb4 1-0

[Event "Bethune Op 32th"]
[Site "Bethune"]
[Date "2011.12.29"]
[Round "8.4"]
[White "Haussernot, Cecile"]
[Black "Priebe, Jan"]
[Result "0-1"]
[WhiteElo "2100"]
[BlackElo "2275"]
[PlyCount "72"]
[EventDate "2011.12.26"]
[EventType "swiss"]
[EventRounds "9"]
[EventCountry "FRA"]
[SourceDate "2005.09.12"]

1. e4 c5 2. Nf3 Nc6 3. Nc3 d6 4. d4 cxd4 5. Nxd4 Nf6 6. h3 g6 7. Bc4 Bd7 8. Bb3
Bg7 9. Be3 O-O 10. Qd2 Rb8 11. O-O-O b5 12. f3 b4 13. Nce2 a5 14. Nxc6 Bxc6 15.
Nd4 Bd7 16. g4 Qc7 17. Nf5 Bxf5 18. gxf5 Qc6 19. fxg6 hxg6 20. Bh6 a4 21. Bd5
Nxd5 22. Bxg7 Kxg7 23. exd5 Qc4 24. Kb1 Rh8 25. f4 Rh5 26. Qe3 Rxd5 27. Qxe7
Rc8 28. Rc1 Rd2 29. Rhg1 Kg8 30. Qf6 Qe4 31. f5 Rcxc2 32. Qd8+ Kg7 33. Ka1
Rxc1+ 34. Rxc1 Qc2 35. Rb1 Rd1 36. f6+ Kh7 0-1

[Event "Bethune Op 32th"]
[Site "Bethune"]
[Date "2011.12.30"]
[Round "9"]
[White "Jimenez, Martin"]
[Black "Lebon, Joffrey"]
[Result "1-0"]
[WhiteElo "1904"]
[BlackElo "1981"]
[PlyCount "75"]
[EventDate "2011.12.26"]
[EventType "swiss"]
[EventRounds "9"]
[EventCountry "FRA"]
[SourceDate "2005.09.12"]

1. d4 d6 2. Nf3 g6 3. c4 Bg7 4. e4 Nd7 5. Nc3 e6 6. Be2 Ne7 7. Be3 b6 8. Qd2 h6
9. O-O Bb7 10. Rad1 g5 11. b4 f5 12. Qd3 Nf6 13. exf5 exf5 14. d5 Ng4 15. Nd4
Ne5 16. Qc2 O-O 17. Ne6 Qd7 18. Nxf8 Rxf8 19. f4 gxf4 20. Bxf4 N7g6 21. Bd3 Ng4
22. Rde1 Bd4+ 23. Kh1 Nxf4 24. Rxf4 Qg7 25. Bxf5 Nf2+ 26. Rxf2 Bxf2 27. Qxf2
Qxc3 28. Rf1 Rf6 29. Be6+ Kg7 30. Qxf6+ Qxf6 31. Rxf6 Kxf6 32. h4 Ke5 33. b5
Kd4 34. g4 Ke4 35. g5 hxg5 36. hxg5 a6 37. a4 axb5 38. axb5 1-0

[Event "Bethune Op 32th"]
[Site "Bethune"]
[Date "2011.12.30"]
[Round "9.2"]
[White "Priebe, Jan"]
[Black "Buchenau, Frank"]
[Result "1/2-1/2"]
[WhiteElo "2275"]
[BlackElo "2261"]
[PlyCount "40"]
[EventDate "2011.12.26"]
[EventType "swiss"]
[EventRounds "9"]
[EventCountry "FRA"]
[SourceDate "2005.09.12"]

1. e4 e6 2. d4 d5 3. Nd2 Nf6 4. e5 Nfd7 5. c3 c5 6. Bd3 b6 7. a4 Nc6 8. Ne2
cxd4 9. cxd4 Nb4 10. Nb3 Nxd3+ 11. Qxd3 a5 12. Nc3 Ba6 13. Nb5 Bb4+ 14. Bd2
Bxd2+ 15. Nxd2 O-O 16. O-O Qe7 17. Nb1 Bxb5 18. Qxb5 Rfc8 19. Na3 Rc7 20. Rfc1
Qd8 1/2-1/2

[Event "Bethune Op 32th"]
[Site "Bethune"]
[Date "2011.12.30"]
[Round "9.3"]
[White "Le Quang, Kim"]
[Black "Thejkumar, MS."]
[Result "0-1"]
[WhiteElo "2326"]
[BlackElo "2452"]
[PlyCount "58"]
[EventDate "2011.12.26"]
[EventType "swiss"]
[EventRounds "9"]
[EventCountry "FRA"]
[SourceDate "2005.09.12"]

1. c4 e5 2. g3 Nf6 3. Bg2 d5 4. cxd5 Nxd5 5. Nf3 Nc6 6. O-O Nb6 7. d3 Be7 8. a3
O-O 9. Nbd2 Re8 10. b3 Bf8 11. Bb2 Bg4 12. h3 Bf5 13. Rc1 f6 14. Re1 Qd7 15.
Kh2 Be6 16. Qc2 a5 17. Ne4 Qf7 18. Nfd2 Bd5 19. e3 Rad8 20. Bf1 f5 21. Nc3 Be6
22. Nc4 f4 23. Ne4 Bd5 24. Ncd2 Re6 25. Qd1 Rh6 26. Bg2 Be7 27. exf4 exf4 28.
gxf4 Be6 29. Qf3 Nd5 0-1

[Event "Bethune Op 32th"]
[Site "Bethune"]
[Date "2011.12.30"]
[Round "9.4"]
[White "Friess, Nicolas"]
[Black "Joie, Sebastien"]
[Result "1/2-1/2"]
[WhiteElo "2311"]
[BlackElo "2349"]
[PlyCount "98"]
[EventDate "2011.12.26"]
[EventType "swiss"]
[EventRounds "9"]
[EventCountry "FRA"]
[SourceDate "2005.09.12"]

1. d4 d5 2. c4 e6 3. Nc3 Bb4 4. a3 Bxc3+ 5. bxc3 c5 6. e3 Nc6 7. cxd5 exd5 8.
Bd3 Nge7 9. Ne2 c4 10. Bb1 O-O 11. f3 f5 12. O-O Qa5 13. Bd2 Bd7 14. Bc2 Rae8
15. Be1 Nc8 16. Qd2 Nd8 17. Bg3 Bc6 18. a4 g6 19. h4 Ne6 20. Be5 Nc5 21. h5 Nd7
22. hxg6 hxg6 23. Nf4 Kh7 24. Qf2 Nxe5 25. Qh4+ Kg7 26. dxe5 Rxe5 27. Qg5 Be8
28. Rab1 b6 29. Rb4 Qc5 30. Re1 Kh7 31. Kf2 Kg7 32. Nh5+ Kh7 33. Nf6+ Kg7 34.
Nh5+ Kh7 35. Nf6+ Kg7 36. Ng4 Re7 37. Qh6+ Kg8 38. Rh1 fxg4 39. Qh8+ Kf7 40.
Rh7+ Ke6 41. Qxf8 Rxh7 42. Qxe8+ Ne7 43. Bxg6 Rg7 44. Bh5 gxf3 45. gxf3 Qc7 46.
Bg4+ Rxg4 47. fxg4 Qh2+ 48. Kf3 Qh3+ 49. Kf2 Qh4+ 1/2-1/2